000 01301nam a2200265Ia 4500
003 OSt
005 20210817165619.0
008 210310s1956 sp gr 000 0 spa d
040 _aCO-JMCR
_cCO-JMCR
041 _aspa
_heng
082 0 4 _a332.04 /
_bR649e
_223
100 1 _aRobertson, D.H.,
_eautor
_927556
245 1 0 _aEnsayos sobre teoría monetaria /
_cD. H. Robertson ; traducción del inglés por José Fuentes Ruiz
250 _aSegunda edición
260 _aMadrid, España :
_bAguilar,
_c1946.
300 _a256 páginas ;
_c22 cm.
490 0 _aBiblioteca de ciencias sociales :
_aEconomía
501 _aCon: notas a pie de página.
505 _aPalabras y hechos. -- El aspecto momentáneo. -- Perspectivas más lejanas IV. Interés a corto y a largo plazo. -- Conclusión. -- Teorías sobre política bancaria iii.-la crisis de 1931. -- Ahorro y atesoramiento. -- La fluctuación industrial y el tipo natural de interés. -- Una nota sobre la teoría del dinero. -- El futuro de la teoría del ciclo industrial. -- La serpiente y la oruga. -- La demanda efectiva y el multiplicador.
650 1 4 _aDinero
_927558
650 2 4 _aCiclos de negocios
_939441
650 2 4 _aEconomía keynesiana
_94935
700 1 _aFuentes Ruiz, José,
_etraductor
_939442
942 _2ddc
_cBK
999 _c12196
_d12196